[Event "GRE-chT Online Rapid op 1st"]
[Site "Tornelo INT"]
[Date "2021.02.21"]
[Round "7.17"]
[White "Koutis, Pavlos"]
[Black "Sklavounos, Panayotis"]
[Result "1-0"]
[WhiteElo "1643"]
[BlackElo "1761"]
[PlyCount "93"]
[EventDate "2021.02.20"]
[EventType "team-swiss (rapid)"]
[EventRounds "9"]
[EventCountry "GRE"]
[SourceTitle "EXT 2023"]
[Source "ChessBase"]
[SourceDate "2022.10.05"]
[SourceVersion "1"]
[SourceVersionDate "2022.10.05"]
[SourceQuality "1"]

1. e4 c5 2. Nc3 e6 3. g3 d5 4. exd5 exd5 5. d4 Nf6 6. Bg2 cxd4 7. Qxd4 Nc6 8. Qa4 Bc5 9. Bg5 Be6 10. 0-0-0 0-0 11. Bxd5 Bxd5 12. Nxd5 Bd6 13. Qh4 Be7 14. Nxf6+ Bxf6 15. Rxd8 Bxg5+ 16. Qxg5 Rfxd8 17. Nf3 Rd6 18. Rd1 Rg6 19. Qb5 b6 20. Ne5 Nxe5 21. Qxe5 Rc6 22. Qd5 Rcc8 23. Re1 Rf8 24. Re7 Rac8 25. Rxa7 g6 26. b3 Kg7 27. Qe5+ Kh6 28. Qf4+ Kg7 29. Qd4+ Kh6 30. Qxb6 Rfe8 31. Rc7 Rcd8 32. Qb4 Kg7 33. Qf4 Re1+ 34. Kb2 Rf8 35. a4 h5 36. a5 Re6 37. Qd4+ Kh6 38. Qc4 Ra8 39. Rxf7 Rea6 40. Qf4+ g5 41. Rf6+ Rxf6 42. Qxf6+ Kh7 43. Qe7+ Kh6 44. Qe6+ Kg7 45. a6 Rf8 46. a7 Rxf2 47. a8Q 1-0

[Event "Piraeus-ch 46th"]
[Site "PIraeus"]
[Date "2011.12.03"]
[Round "7.1"]
[White "Sklavounos, Panayotis"]
[Black "Koutsogiannopoulou, Theodora"]
[Result "1/2-1/2"]
[WhiteElo "1992"]
[BlackElo "1830"]
[PlyCount "23"]
[EventDate "2011.11.12"]
[EventType "swiss"]
[EventRounds "7"]
[EventCountry "GRE"]
[SourceTitle "EXT 2024"]
[Source "ChessBase"]
[SourceDate "2023.10.10"]
[SourceVersion "1"]
[SourceVersionDate "2023.10.10"]
[SourceQuality "1"]

1. c4 e5 2. Nc3 g6 3. g3 Bg7 4. Bg2 Ne7 5. e3 0-0 6. Nge2 c6 7. 0-0 d5 8. cxd5 cxd5 9. d4 exd4 10. Nxd4 Nbc6 11. b3 Nxd4 12. exd4 1/2-1/2

[Event "Nikaia op 17th"]
[Site "Nikaia"]
[Date "2009.08.25"]
[Round "5"]
[White "Skalkotas, Nikolaos"]
[Black "Sklavounos, Panayotis"]
[Result "1-0"]
[WhiteElo "2197"]
[BlackElo "1945"]
[PlyCount "37"]
[EventDate "2009.08.22"]
[EventType "swiss"]
[EventRounds "9"]
[EventCountry "GRE"]
[SourceTitle "CBM 132 Extra"]
[Source "ChessBase"]
[SourceDate "2009.11.03"]
[SourceVersion "1"]
[SourceVersionDate "2009.11.03"]
[SourceQuality "1"]

1. d4 Nf6 2. Nf3 b6 3. c4 e6 4. a3 Bb7 5. Nc3 d5 6. cxd5 Nxd5 7. Qc2 c5 8. e4 cxd4 9. exd5 dxc3 10. Bb5+ Nd7 11. Ne5 Bc8 12. dxe6 fxe6 13. Qe4 Bd6 14. Nc4 Bc5 15. 0-0 0-0 16. Qxa8 Nf6 17. Be3 Ng4 18. Bxc5 Qc7 19. Bd6 1-0

[Event "Nikaia Fysiolatriko op 06th"]
[Site "Nikaia"]
[Date "2008.06.25"]
[Round "6"]
[White "Ornithopoulos, Nikolaos"]
[Black "Sklavounos, Panayotis"]
[Result "1/2-1/2"]
[WhiteElo "2091"]
[BlackElo "1967"]
[PlyCount "152"]
[EventDate "2008.06.21"]
[EventType "swiss"]
[EventRounds "7"]
[EventCountry "GRE"]
[SourceTitle "EXT 2010"]
[Source "ChessBase"]
[SourceDate "2010.11.25"]
[SourceVersion "1"]
[SourceVersionDate "2010.11.25"]
[SourceQuality "1"]

1. c4 e6 2. g3 Nf6 3. Bg2 c5 4. Nf3 Nc6 5. 0-0 Be7 6. Nc3 d6 7. d4 cxd4 8. Nxd4 Bd7 9. Ndb5 Bc8 10. Bf4 e5 11. Bg5 a6 12. Na3 Be6 13. Bxf6 Bxf6 14. Nd5 Be7 15. b4 0-0 16. Qd2 Bg5 17. e3 Ne7 18. Nc3 f5 19. Rad1 Qc8 20. Qxd6 e4 21. Na4 Rd8 22. Qxd8+ Qxd8 23. Rxd8+ Rxd8 24. Nc5 Bc8 25. Nb3 Nc6 26. b5 Nb4 27. bxa6 bxa6 28. Nd4 Bf6 29. Rb1 Nxa2 30. Nac2 Nc3 31. Rb8 Kf7 32. Bf1 Na4 33. Nb4 Be5 34. Ra8 Nb6 35. Ra7+ Rd7 36. Rxd7+ Nxd7 37. Nxf5 Nc5 38. Nd4 Bc7 39. Nd5 Bd8 40. Be2 Bb7 41. Nc3 Ba5 42. Nb1 Kf6 43. Bd1 Bc7 44. Kf1 Ke5 45. Ke2 g5 46. g4 Bc8 47. h3 Bd7 48. Nb3 Nxb3 49. Bxb3 Ba5 50. Na3 Bb4 51. Nc2 Bc5 52. Ne1 Bc6 53. Kd1 Bb4 54. Nc2 Bc5 55. Kc1 Bd7 56. Kb2 a5 57. Na3 h6 58. Nb1 Bb4 59. Bd1 Be1 60. f3 Bf2 61. fxe4 Kxe4 62. Nc3+ Kxe3 63. Nd5+ Kd2 64. Bc2 Bc5 65. Kb1 Ke2 66. Be4 Be6 67. Nc3+ Ke3 68. Bd5 Bd7 69. Ne4 Kd4 70. Nd2 a4 71. Nf3+ Ke3 72. Ne5 Be8 73. Kc2 Kd4 74. Nf3+ Ke3 75. Ne5 Bd4 76. Bf7 Bxe5 1/2-1/2

[Event "Nikaia op 15th"]
[Site "Nikaia"]
[Date "2007.08.30"]
[Round "9"]
[White "Sklavounos, Panayotis"]
[Black "Fragaki, Maria"]
[Result "1/2-1/2"]
[WhiteElo "2031"]
[BlackElo "1878"]
[PlyCount "75"]
[EventDate "2007.08.23"]
[EventType "swiss"]
[EventRounds "9"]
[EventCountry "GRE"]
[SourceTitle "CBM 120 Extra"]
[Source "ChessBase"]
[SourceDate "2007.11.01"]
[SourceVersion "1"]
[SourceVersionDate "2007.11.01"]
[SourceQuality "1"]

1. e4 c5 2. Nf3 e6 3. b3 b6 4. Bb2 Bb7 5. Nc3 Nf6 6. e5 Nd5 7. Nb5 a6 8. c4 Nf4 9. Nd6+ Bxd6 10. exd6 0-0 11. d4 f6 12. Qd2 Ng6 13. Be2 Nc6 14. 0-0 Qb8 15. dxc5 bxc5 16. Ba3 Qa7 17. Bb2 Kh8 18. Bd3 Nb4 19. Bxg6 Bxf3 20. Qf4 hxg6 21. Qxf3 Kg8 22. Qe4 Kf7 23. f4 Qb6 24. Rad1 Nxa2 25. f5 gxf5 26. Qf3 Rh8 27. g4 fxg4 28. Qxg4 Qxb3 29. Bxf6 Qe3+ 30. Kh1 gxf6 31. Rxf6+ Kxf6 32. Rf1+ Ke5 33. Qg7+ Kxd6 34. Rd1+ Kc6 35. Qxd7+ Kb6 36. Rd6+ Ka5 37. Rxa6+ Kxa6 38. Qc6+ 1/2-1/2

[Event "Nikaia op 15th"]
[Site "Nikaia"]
[Date "2007.08.29"]
[Round "8"]
[White "Tsomis, Dimitrios"]
[Black "Sklavounos, Panayotis"]
[Result "1-0"]
[WhiteElo "2201"]
[BlackElo "2031"]
[PlyCount "65"]
[EventDate "2007.08.23"]
[EventType "swiss"]
[EventRounds "9"]
[EventCountry "GRE"]
[SourceTitle "CBM 120 Extra"]
[Source "ChessBase"]
[SourceDate "2007.11.01"]
[SourceVersion "1"]
[SourceVersionDate "2007.11.01"]
[SourceQuality "1"]

1. e4 c5 2. Nf3 d6 3. d4 cxd4 4. Nxd4 Nf6 5. Nc3 a6 6. Bg5 e6 7. f4 Be7 8. Qf3 Nbd7 9. 0-0-0 Qc7 10. g4 b5 11. Bxf6 Nxf6 12. g5 Nd7 13. h4 b4 14. Nce2 Bb7 15. Ng3 Rc8 16. Bd3 Nc5 17. Kb1 d5 18. e5 Na4 19. f5 Nxb2 20. Kxb2 Qc3+ 21. Kb1 b3 22. axb3 Ba3 23. Bb5+ axb5 24. Qxc3 Rxc3 25. Nh5 0-0 26. Nxb5 d4 27. Nxa3 Bxh1 28. Rxh1 Rfc8 29. fxe6 fxe6 30. Nf4 Re3 31. Nc4 Rf3 32. Nxe6 d3 33. Rd1 1-0

[Event "Heraclion op 10th"]
[Site "Athens"]
[Date "2006.06.13"]
[Round "4"]
[White "Liaskos, Leonidas"]
[Black "Sklavounos, Panayotis"]
[Result "1-0"]
[WhiteElo "1832"]
[BlackElo "2031"]
[PlyCount "69"]
[EventDate "2006.06.10"]
[EventType "swiss"]
[EventRounds "9"]
[EventCountry "GRE"]
[SourceTitle "CBM 112 Extra"]
[Source "ChessBase"]
[SourceDate "2006.07.14"]
[SourceVersion "1"]
[SourceVersionDate "2006.07.14"]
[SourceQuality "1"]

1. e4 Nf6 2. Nc3 e5 3. f4 d5 4. fxe5 Nxe4 5. Qe2 Nxc3 6. dxc3 Be7 7. Nf3 0-0 8. Bf4 Nc6 9. 0-0-0 Bg4 10. h3 Be6 11. Qe3 Qe8 12. Kb1 b6 13. Bd3 Bc5 14. Qd2 Qd7 15. g4 d4 16. Nxd4 Bxd4 17. cxd4 Nxd4 18. Bxh7+ Kxh7 19. Qxd4 Qc6 20. Qd3+ Kg8 21. Bg5 Rfe8 22. Rhe1 a5 23. Qe4 Qc5 24. Rd3 Qb5 25. h4 a4 26. h5 c5 27. h6 Qc4 28. Qh1 f6 29. exf6 Qxa2+ 30. Kc1 a3 31. h7+ Kf7 32. Qh5+ g6 33. Rd7+ Bxd7 34. h8N+ Rxh8 35. Re7+ 1-0

[Event "Nikaia op 13th"]
[Site "Nikaia"]
[Date "2005.08.27"]
[Round "6"]
[White "Sklavounos, Panayotis"]
[Black "Stefanidi, Maria Anna"]
[Result "0-1"]
[WhiteElo "2007"]
[BlackElo "2141"]
[PlyCount "166"]
[EventDate "2005.08.23"]
[EventType "swiss"]
[EventRounds "9"]
[EventCountry "GRE"]
[SourceTitle "CBM 108 Extra"]
[Source "ChessBase"]
[SourceDate "2005.11.04"]
[SourceVersion "1"]
[SourceVersionDate "2005.11.04"]
[SourceQuality "1"]

1. e4 c5 2. Nf3 d6 3. c3 g6 4. d4 cxd4 5. cxd4 Bg7 6. Nc3 e6 7. Be2 Ne7 8. 0-0 0-0 9. Be3 Nbc6 10. Qd2 d5 11. e5 Nf5 12. Bf4 Bd7 13. g4 Nh4 14. Nxh4 Qxh4 15. Bg5 Qh3 16. Qe3 Qxe3 17. Bxe3 a6 18. Rfc1 Rac8 19. f4 Na5 20. b3 f5 21. g5 Rfd8 22. Nd1 Bf8 23. Rxc8 Rxc8 24. Rc1 Nc6 25. Rc2 Ba3 26. Bd3 Kf7 27. Kg2 Ke7 28. Kg3 Rb8 29. Bc1 Bxc1 30. Rxc1 Nxd4 31. Kf2 Rc8 32. Rxc8 Bxc8 33. Ke3 Nc6 34. a3 Bd7 35. Kd2 Nd4 36. Kc3 Nf3 37. h3 d4+ 38. Kb4 Bc6 39. Kc5 Be4 40. Nf2 Bd5 41. Be2 Ng1 42. Bd1 d3 43. Kd4 Ne2+ 44. Ke3 Nc3 45. Kxd3 Nxd1 46. Nxd1 Bxb3 47. Nc3 Kd7 48. Ne2 b5 49. Nd4 Bd5 50. Kc3 Kc7 51. Nc2 Kb6 52. Kd4 a5 53. Ne3 Be4 54. h4 Bb1 55. Nf1 Bc2 56. Kc3 Be4 57. Kd4 Kc6 58. Ne3 Bb1 59. Nf1 Ba2 60. Ne3 b4 61. axb4 axb4 62. Nc4 b3 63. Nb2 Bb1 64. Kc4 Bc2 65. Na4 Bd1 66. Nb2 Be2+ 67. Kd4 Kb5 68. Kc3 Kc5 69. Kd2 Bc4 70. Kc3 Bf1 71. Nd1 Be2 72. Nb2 Kd5 73. Kd2 Ba6 74. Ke3 Bb5 75. Nd1 Kc4 76. Kd2 Kd4 77. Nc3 Ba6 78. Na4 Bf1 79. Nc3 Bc4 80. Na4 Ke4 81. Kc3 Bd5 82. Nb6 Bc6 83. Kxb3 Kxf4 0-1

[Event "Foivitika op"]
[Site "Foivitika"]
[Date "2005.??.??"]
[Round "4"]
[White "Alexakis, Dimitrios"]
[Black "Sklavounos, Panayotis"]
[Result "1-0"]
[WhiteElo "2230"]
[BlackElo "2050"]
[PlyCount "75"]
[EventDate "2005.??.??"]
[EventType "swiss"]
[EventRounds "7"]
[EventCountry "GRE"]
[SourceTitle "EXT 2007"]
[Source "ChessBase"]
[SourceDate "2006.11.23"]
[SourceVersion "1"]
[SourceVersionDate "2006.11.23"]
[SourceQuality "1"]

1. e4 e6 2. d4 d5 3. Nc3 Bb4 4. e5 c5 5. Bd2 cxd4 6. Nb5 Bf8 7. Qg4 Nc6 8. Nf3 a6 9. Nbxd4 f6 10. Nxc6 bxc6 11. Bd3 f5 12. Qg3 Nh6 13. 0-0 Ra7 14. Rad1 Qb6 15. c4 Bc5 16. cxd5 exd5 17. b4 Bf8 18. Be3 c5 19. bxc5 Qg6 20. c6 Qxg3 21. hxg3 Ra8 22. Bxh6 gxh6 23. Nd4 Bc5 24. Nxf5 0-0 25. Nd6 Bg4 26. Rb1 a5 27. Rb7 Bd4 28. Bxh7+ Kh8 29. Bd3 Kg8 30. Bh7+ Kh8 31. Bg6 Kg8 32. Bf7+ Kh8 33. Bxd5 Ra7 34. Rxa7 Bxa7 35. e6 Bb8 36. e7 Bxd6 37. exf8Q+ Bxf8 38. Re1 1-0

[Event "Foivitika op"]
[Site "Foivitika"]
[Date "2005.??.??"]
[Round "5"]
[White "Kakkanas, Evangelos"]
[Black "Sklavounos, Panayotis"]
[Result "1-0"]
[WhiteElo "2095"]
[BlackElo "2020"]
[PlyCount "67"]
[EventDate "2005.??.??"]
[EventType "swiss"]
[EventRounds "7"]
[EventCountry "GRE"]
[SourceTitle "EXT 2007"]
[Source "ChessBase"]
[SourceDate "2006.11.23"]
[SourceVersion "1"]
[SourceVersionDate "2006.11.23"]
[SourceQuality "1"]

1. e4 c5 2. Nf3 e6 3. c3 d5 4. exd5 Qxd5 5. d4 cxd4 6. cxd4 Nc6 7. Nc3 Bb4 8. Bd2 Qd8 9. Qa4 Bd7 10. Bb5 Be7 11. d5 exd5 12. Nxd5 a6 13. 0-0 axb5 14. Qxa8 Qxa8 15. Nc7+ Kf8 16. Nxa8 Nf6 17. a4 b4 18. a5 Be6 19. Rfc1 Bd5 20. Nb6 Be4 21. Ng5 Bd8 22. Nxe4 Nxe4 23. Be3 Ne7 24. f3 Nf5 25. fxe4 Nxe3 26. h3 f5 27. Kf2 f4 28. Ra4 g5 29. Rxb4 Kf7 30. Nc4 Nxc4 31. Rcxc4 Bxa5 32. Rxb7+ Kg6 33. b4 Bd8 34. Kf3 1-0

[Event "Piraeus-ch 40th"]
[Site "Egaleo"]
[Date "2004.12.11"]
[Round "9.1"]
[White "Sarandos, Vasilios"]
[Black "Sklavounos, Panayotis"]
[Result "1-0"]
[WhiteElo "2227"]
[BlackElo "2072"]
[PlyCount "47"]
[EventDate "2004.11.13"]
[EventType "swiss"]
[EventRounds "9"]
[EventCountry "GRE"]
[SourceTitle "EXT 2024"]
[Source "ChessBase"]
[SourceDate "2023.10.10"]
[SourceVersion "1"]
[SourceVersionDate "2023.10.10"]
[SourceQuality "1"]

1. d4 d5 2. c4 e6 3. Nc3 c5 4. Nf3 cxd4 5. Nxd4 Nc6 6. cxd5 exd5 7. g3 Nf6 8. Bg2 Be7 9. 0-0 0-0 10. Be3 Re8 11. h3 h6 12. Rc1 Bf8 13. Nxc6 bxc6 14. Bd4 Ba6 15. Re1 Bc4 16. e4 Bb4 17. a3 Ba5 18. b3 Bb5 19. exd5 Rxe1+ 20. Qxe1 Nxd5 21. Qe5 Qg5 22. Qxg5 hxg5 23. Nxb5 cxb5 24. b4 1-0

[Event "GRE-chT 32nd"]
[Site "Kallithea"]
[Date "2003.07.11"]
[Round "9"]
[White "Sklavounos, Panayotis"]
[Black "Goritsas, Christos"]
[Result "0-1"]
[WhiteElo "2080"]
[BlackElo "2232"]
[PlyCount "78"]
[EventDate "2003.07.04"]
[EventType "team-tourn"]
[EventRounds "9"]
[EventCountry "GRE"]
[SourceTitle "CBM 095 Extra"]
[Source "ChessBase"]
[SourceDate "2003.09.04"]
[SourceVersion "1"]
[SourceVersionDate "2003.09.04"]
[SourceQuality "1"]

1. e4 d5 2. exd5 Qxd5 3. Nc3 Qa5 4. d4 c6 5. Nf3 Nf6 6. Bc4 Bf5 7. Ne5 e6 8. g4 Bg6 9. h4 Nbd7 10. Qe2 Nxe5 11. dxe5 Ne4 12. Rh3 Nxc3 13. bxc3 h5 14. g5 Bf5 15. Rg3 Bc5 16. Rb1 0-0-0 17. Bb3 Bg4 18. f3 Qxc3+ 19. Kf1 Bf5 20. Ba4 Bb6 21. Kg2 Qd4 22. Rxb6 axb6 23. Bb3 Qd1 24. Qxd1 Rxd1 25. Be3 Rhd8 26. c3 Rb1 27. Kf2 Rb2+ 28. Ke1 c5 29. Rg1 Rd3 30. Bc1 Rb1 31. Kf2 Rxc3 32. Bd2 Rxf3+ 33. Kxf3 Rxg1 34. Be3 Rg4 35. Bf2 Re4 36. Bg3 b5 37. Bf4 c4 38. Bd1 Rd4 39. Be2 Rxf4+ 0-1

[Event "Nikaia op 10th"]
[Site "Nikaia"]
[Date "2002.08.25"]
[Round "7"]
[White "Makka, Ioulia"]
[Black "Sklavounos, Panayotis"]
[Result "1-0"]
[WhiteElo "2196"]
[BlackElo "2099"]
[PlyCount "61"]
[EventDate "2002.08.19"]
[EventType "swiss"]
[EventRounds "9"]
[EventCountry "GRE"]
[SourceTitle "CBM 089 Extra"]
[Source "ChessBase"]
[SourceDate "2002.09.10"]
[SourceVersion "2"]
[SourceVersionDate "2002.09.10"]
[SourceQuality "1"]

1. e4 g6 2. d4 Bg7 3. Nc3 d6 4. Be3 Nf6 5. Qd2 Ng4 6. Bg5 f6 7. Bh4 e5 8. Nf3 Bh6 9. Qd1 exd4 10. Nxd4 Ne5 11. Be2 Nbc6 12. 0-0 0-0 13. Nd5 Nxd4 14. Qxd4 g5 15. Bg3 Be6 16. f4 Nc6 17. Qd3 Ne7 18. fxg5 Bxg5 19. h4 Bxd5 20. hxg5 Bf7 21. gxf6 Ng6 22. Qd2 Be6 23. Qg5 Qe8 24. Be1 Kf7 25. Qh6 Rg8 26. Qxh7+ Kf8 27. Qh6+ Kf7 28. Bh5 Bc4 29. Qh7+ Ke6 30. f7 Qf8 31. fxg8Q+ 1-0

[Event "Nikaia op 10th"]
[Site "Nikaia"]
[Date "2002.08.21"]
[Round "3"]
[White "Simeonidis, Ioannis"]
[Black "Sklavounos, Panayotis"]
[Result "1-0"]
[WhiteElo "2313"]
[BlackElo "2099"]
[PlyCount "129"]
[EventDate "2002.08.19"]
[EventType "swiss"]
[EventRounds "9"]
[EventCountry "GRE"]
[SourceTitle "CBM 089 Extra"]
[Source "ChessBase"]
[SourceDate "2002.09.10"]
[SourceVersion "2"]
[SourceVersionDate "2002.09.10"]
[SourceQuality "1"]

1. Nf3 c5 2. e4 d6 3. d4 cxd4 4. Nxd4 Nf6 5. Nc3 a6 6. f3 e5 7. Nb3 h6 8. Be3 Be6 9. Qd2 Be7 10. 0-0-0 Nbd7 11. Qf2 Rc8 12. Nd5 Nxd5 13. exd5 Bf5 14. Bd3 Bxd3 15. Rxd3 Bg5 16. Kb1 Bxe3 17. Qxe3 0-0 18. h4 Nc5 19. Nxc5 Rxc5 20. f4 Re8 21. g4 exf4 22. Qxf4 Re2 23. g5 h5 24. Rc1 Qe7 25. Rd4 b5 26. a4 Re5 27. axb5 axb5 28. Qf3 g6 29. c3 Rf5 30. Qd3 Re5 31. b4 Re3 32. bxc5 Rxd3 33. Rxd3 Qe4 34. Rcd1 Kf8 35. Kb2 b4 36. c6 Ke8 37. Rd4 bxc3+ 38. Kxc3 Qe3+ 39. Kb2 Kd8 40. R1d3 Qf2+ 41. Kb3 Qe1 42. Rb4 Qb1+ 43. Kc4 Qc2+ 44. Rc3 Qa2+ 45. Kb5 Kc7 46. Rbb3 Qe2+ 47. Rd3 Qc2 48. Rdc3 Qe2+ 49. Kb4 Qe4+ 50. Ka3 Qxd5 51. Rb7+ Kc8 52. Re7 Qd4 53. Kb3 Qd1+ 54. Kb4 Qb1+ 55. Rb3 Qc2 56. c7 Qc5+ 57. Ka4 Qa7+ 58. Kb5 Qc5+ 59. Ka6 Qc4+ 60. Rb5 Qa4+ 61. Kb6 Qd4+ 62. Ka5 Qc3+ 63. Rb4 Qa3+ 64. Kb5 Qd3+ 65. Kb6 1-0